[Event "NOR-chB"]
[Site "Oslo"]
[Date "2023.07.05"]
[Round "6"]
[White "Rostad, Birk Sather"]
[Black "Hestvik, Elias"]
[Result "0-1"]
[WhiteElo "1872"]
[BlackElo "1893"]
[PlyCount "128"]
[EventDate "2023.06.30"]
[EventType "swiss"]
[EventRounds "9"]
[EventCountry "NOR"]
[SourceTitle "EXT 2024"]
[Source "ChessBase"]
[SourceDate "2023.10.10"]
[SourceVersion "1"]
[SourceVersionDate "2023.10.10"]
[SourceQuality "1"]

1. e4 c5 2. Nf3 Nc6 3. d4 cxd4 4. Nxd4 g6 5. c4 Bg7 6. Be3 Nf6 7. Nc3 Ng4 8. Qxg4 Nxd4 9. Qd1 Ne6 10. Rc1 Qa5 11. a3 d6 12. Be2 0-0 13. 0-0 Bd7 14. Nd5 Rfe8 15. Rb1 Bc6 16. Qc1 Nd4 17. Bd1 Bxd5 18. exd5 Rac8 19. Bg4 f5 20. Rd1 Nb3 21. Qc2 Nc5 22. Be2 Ne4 23. f3 Nf6 24. Bd4 Nxd5 25. Bxg7 Kxg7 26. b4 Qb6+ 27. Kh1 Nf6 28. Rbc1 Qe3 29. Rd3 Qe5 30. Qd2 Qe6 31. Re3 Qd7 32. Rd1 Qc7 33. h3 Nh5 34. Qd4+ Kf8 35. Qh8+ Kf7 36. Qxh7+ Kf6 37. g4 Ng3+ 38. Kg2 Nxe2 39. Rxe2 Rh8 40. g5+ Kxg5 41. Qxe7+ Qxe7 42. Rxe7 Rxc4 43. Rxb7 Rc2+ 44. Kg1 Rxh3 45. Rxa7 Kf4 46. Rxd6 g5 47. Rd3 Rg3+ 48. Kh1 Rxf3 49. Rd1 Rff2 50. Re7 Rh2+ 51. Kg1 Rcg2+ 52. Kf1 Rh1+ 53. Kxg2 Rxd1 54. Rc7 Rd2+ 55. Kf1 Rd3 56. Rc1 Rb3 57. Kf2 Rb2+ 58. Kf1 Kg4 59. Rc4+ f4 60. a4 Kg3 61. b5 f3 62. Rc1 g4 63. Kg1 Rg2+ 64. Kf1 Rh2 0-1

[Event "NOR-chB"]
[Site "Oslo"]
[Date "2023.07.02"]
[Round "2"]
[White "Fredriksen, Jan Gunnar"]
[Black "Hestvik, Elias"]
[Result "1/2-1/2"]
[WhiteElo "1794"]
[BlackElo "1893"]
[PlyCount "88"]
[EventDate "2023.06.30"]
[EventType "swiss"]
[EventRounds "9"]
[EventCountry "NOR"]
[SourceTitle "EXT 2024"]
[Source "ChessBase"]
[SourceDate "2023.10.10"]
[SourceVersion "1"]
[SourceVersionDate "2023.10.10"]
[SourceQuality "1"]

1. e4 c5 2. g3 Nc6 3. Bg2 g6 4. c3 Bg7 5. Ne2 e6 6. 0-0 d5 7. d3 Nge7 8. Qc2 0-0 9. Nd2 b6 10. Nf3 Bb7 11. h4 Qc7 12. Bd2 Rad8 13. Rad1 Rd7 14. Bf4 Ne5 15. Nxe5 Bxe5 16. exd5 Bxd5 17. Bxd5 Nxd5 18. Bxe5 Qxe5 19. d4 cxd4 20. Rxd4 Rfd8 21. Rfd1 Nf6 22. Rxd7 Rxd7 23. Rxd7 Nxd7 24. Qd2 Nc5 25. f3 Qf5 26. Kg2 e5 27. b4 Ne6 28. Ng1 e4 29. fxe4 Qxe4+ 30. Nf3 h6 31. Kf2 Kh7 32. Qe2 Qf5 33. Kg2 g5 34. hxg5 Nxg5 35. Nxg5+ hxg5 36. g4 Qb1 37. Kf3 Qc1 38. Qd3+ Kg7 39. Qd4+ Kg6 40. Qd3+ Kf6 41. Qf5+ Ke7 42. Qe5+ Kd7 43. Qd5+ Ke7 44. Qe5+ Kd7 1/2-1/2

[Event "EU-Cup 36th"]
[Site "Struga"]
[Date "2021.09.22"]
[Round "5.5"]
[White "Stojkoski, Acko"]
[Black "Hestvik, Elias"]
[Result "1/2-1/2"]
[WhiteElo "2104"]
[BlackElo "1860"]
[PlyCount "85"]
[EventDate "2021.09.18"]
[EventType "team-swiss"]
[EventRounds "7"]
[EventCountry "MKD"]
[SourceTitle "CBM 204 Extra"]
[Source "ChessBase"]
[SourceDate "2021.11.30"]
[SourceVersion "1"]
[SourceVersionDate "2021.11.30"]
[SourceQuality "1"]
[WhiteTeam "Gostivar"]
[BlackTeam "Baerum"]
[WhiteTeamCountry "MKD"]
[BlackTeamCountry "NOR"]

1. e4 c5 2. Nf3 Nc6 3. d4 cxd4 4. Nxd4 g6 5. Nxc6 bxc6 6. Bd2 Bg7 7. Bc3 Nf6 8. Bd3 0-0 9. 0-0 d5 10. exd5 cxd5 11. Be5 Qb6 12. Nd2 Ba6 13. c4 dxc4 14. Nxc4 Qe6 15. Qe2 Rfd8 16. Bxf6 Qxf6 17. b3 Bb7 18. Rae1 Rd4 19. Bb1 Qg5 20. f3 Rh4 21. g3 Bd4+ 22. Kg2 Bc8 23. g4 Be6 24. Be4 Rc8 25. h3 h5 26. Qd2 Qxd2+ 27. Nxd2 hxg4 28. hxg4 Kg7 29. Rh1 Rxh1 30. Kxh1 Rh8+ 31. Kg2 Bc3 32. Re2 f5 33. Bb1 Kf7 34. Nf1 fxg4 35. Bxg6+ Kf6 36. f4 Bd5+ 37. Be4 Be6 38. Ne3 Rd8 39. f5 Bc8 40. Nd5+ Rxd5 41. Bxd5 Bxf5 42. Be4 e6 43. Bb7 1/2-1/2

[Event "EU-Cup 36th"]
[Site "Struga"]
[Date "2021.09.20"]
[Round "3.6"]
[White "Hestvik, Elias"]
[Black "Lagerman, Robert"]
[Result "1/2-1/2"]
[WhiteElo "1860"]
[BlackElo "2300"]
[PlyCount "79"]
[EventDate "2021.09.18"]
[EventType "team-swiss"]
[EventRounds "7"]
[EventCountry "MKD"]
[SourceTitle "CBM 204 Extra"]
[Source "ChessBase"]
[SourceDate "2021.11.30"]
[SourceVersion "1"]
[SourceVersionDate "2021.11.30"]
[SourceQuality "1"]
[WhiteTeam "Baerum"]
[BlackTeam "Selfoss Skakfelag"]
[WhiteTeamCountry "NOR"]
[BlackTeamCountry "ISL"]

1. e4 e5 2. Nf3 Nc6 3. Nc3 Nf6 4. Bb5 Nd4 5. Nxd4 exd4 6. e5 dxc3 7. exf6 Qxf6 8. dxc3 c6 9. Bd3 d5 10. 0-0 Bd6 11. Re1+ Be6 12. Be3 0-0 13. Qh5 g6 14. Qh6 Qg7 15. Qh4 Rfe8 16. Bd4 g5 17. Bxg7 gxh4 18. Be5 Bf8 19. Bf6 Be7 20. Bxe7 Rxe7 21. Re3 h6 22. f4 Rae8 23. Rae1 Kf8 24. Kf2 Bd7 25. Kf3 c5 26. c4 dxc4 27. Rxe7 Rxe7 28. Rxe7 Kxe7 29. Bxc4 f5 30. Bd5 b5 31. c4 b4 32. Ke3 a5 33. Bg8 Bc6 34. g3 hxg3 35. hxg3 Be4 36. a3 Bc6 37. Kf2 Be4 38. Ke3 Bc6 39. Kf2 Be4 40. Ke3 1/2-1/2

[Event "Fagernes op"]
[Site "Fagernes"]
[Date "2020.10.11"]
[Round "9"]
[White "Hestvik, Elias"]
[Black "Cross, Jamie"]
[Result "0-1"]
[WhiteElo "1893"]
[BlackElo "1711"]
[PlyCount "140"]
[EventDate "2020.10.04"]
[EventType "swiss"]
[EventRounds "9"]
[EventCountry "NOR"]
[SourceTitle "EXT 2024"]
[Source "ChessBase"]
[SourceDate "2023.10.10"]
[SourceVersion "1"]
[SourceVersionDate "2023.10.10"]
[SourceQuality "1"]

1. d4 d5 2. Nf3 Nf6 3. Bg5 Ne4 4. Bh4 Nd7 5. e3 g6 6. c4 c6 7. Nc3 Nxc3 8. bxc3 Bg7 9. Be2 0-0 10. 0-0 Nf6 11. Qb3 b6 12. Ne5 Bb7 13. cxd5 cxd5 14. Rfd1 Ne4 15. f4 f6 16. Nf3 Qc7 17. Bd3 Qxc3 18. Rdc1 Qxb3 19. axb3 Rfc8 20. Rxc8+ Bxc8 21. Rc1 Nd6 22. Be1 a5 23. b4 a4 24. Bb1 Ba6 25. Rc6 Rb8 26. Nd2 Nc4 27. Kf2 Nxd2 28. Bxd2 Bc4 29. Rc7 Bf8 30. Bc1 b5 31. Ke1 Ra8 32. Ba3 Kf7 33. Kd2 Ke6 34. Rc6+ Kd7 35. Rb6 Kc7 36. Re6 Kd7 37. Rb6 Bg7 38. Bd3 Kc7 39. Re6 Kd7 40. Rb6 Kc7 41. Re6 Bf8 42. g4 Rd8 43. Ra6 Kb7 44. Re6 Rc8 45. Bc2 Rc6 46. Rxc6 Kxc6 47. Ke1 e6 48. Kf2 Bd6 49. h4 e5 50. dxe5 fxe5 51. f5 gxf5 52. Bxf5 h6 53. g5 hxg5 54. hxg5 Be7 55. g6 Bf6 56. Kf3 e4+ 57. Kg4 Bd3 58. Kh5 Bg7 59. Bg4 Kd6 60. Kg5 Ke7 61. Bh5 Bf1 62. Bg4 Bc4 63. Bh5 Bc3 64. Kh6 Kf8 65. Kg5 Kg7 66. Bg4 Bd3 67. Bh5 d4 68. Kf4 dxe3 69. Kxe3 Kh6 70. Bc1 Kxh5 0-1

[Event "Fagernes op"]
[Site "Fagernes"]
[Date "2020.10.10"]
[Round "8"]
[White "Lye, Sverre"]
[Black "Hestvik, Elias"]
[Result "0-1"]
[WhiteElo "1799"]
[BlackElo "1893"]
[PlyCount "80"]
[EventDate "2020.10.04"]
[EventType "swiss"]
[EventRounds "9"]
[EventCountry "NOR"]
[SourceTitle "EXT 2024"]
[Source "ChessBase"]
[SourceDate "2023.10.10"]
[SourceVersion "1"]
[SourceVersionDate "2023.10.10"]
[SourceQuality "1"]

1. e4 c5 2. Nf3 Nf6 3. e5 Nd5 4. Nc3 Nxc3 5. dxc3 d5 6. exd6 exd6 7. Bb5+ Bd7 8. Bxd7+ Qxd7 9. 0-0 Be7 10. Bf4 0-0 11. Qd5 Nc6 12. Rad1 Rad8 13. h3 Qe6 14. Rfe1 Qxd5 15. Rxd5 f6 16. Nd2 Ne5 17. Rd1 Kf7 18. Ne4 Ke6 19. b3 Kf5 20. Bxe5 fxe5 21. f3 Ke6 22. Kf2 b6 23. b4 cxb4 24. cxb4 Rc8 25. c3 Rc4 26. R1d3 Rxe4 27. a4 Rc4 28. a5 Rfc8 29. Rb5 Bd8 30. Rbd5 Be7 31. Rb5 Rxc3 32. Rxc3 Rxc3 33. axb6 axb6 34. Rxb6 Rb3 35. b5 Kd5 36. Rb7 Bf6 37. g4 Kc5 38. g5 Bxg5 39. Rxg7 h6 40. Rg6 Rxb5 0-1

[Event "Fagernes op"]
[Site "Fagernes"]
[Date "2020.10.09"]
[Round "7"]
[White "Hestvik, Elias"]
[Black "Shehzad, Alisha"]
[Result "1-0"]
[WhiteElo "1893"]
[BlackElo "1660"]
[PlyCount "125"]
[EventDate "2020.10.04"]
[EventType "swiss"]
[EventRounds "9"]
[EventCountry "NOR"]
[SourceTitle "EXT 2024"]
[Source "ChessBase"]
[SourceDate "2023.10.10"]
[SourceVersion "1"]
[SourceVersionDate "2023.10.10"]
[SourceQuality "1"]

1. e4 c5 2. Nf3 Nc6 3. d4 cxd4 4. Nxd4 g6 5. Nc3 Bg7 6. Be3 Nf6 7. Bc4 0-0 8. Bb3 Re8 9. f3 e6 10. 0-0 d5 11. exd5 exd5 12. Bf2 Nxd4 13. Bxd4 Be6 14. Rb1 Qa5 15. Bxf6 Bxf6 16. Nxd5 Bxd5 17. Qxd5 Qxd5 18. Bxd5 Rac8 19. Be4 Red8 20. Bd3 a6 21. Rfd1 Rc7 22. b3 Bc3 23. Kf1 Re7 24. a4 Red7 25. g3 Rd4 26. Kg2 Kg7 27. Rf1 g5 28. Rf2 Re8 29. Kf1 h6 30. Re2 Rxe2 31. Kxe2 Kf6 32. Rh1 Ke5 33. g4 f6 34. h4 Rd7 35. hxg5 hxg5 36. Rh8 Kf4 37. Rc8 Be5 38. Be4 a5 39. Rc4 b6 40. Ba8+ Rd4 41. Rc8 Rd7 42. Be4 Rd6 43. c3 Rd7 44. Rc4 Kg3 45. b4 axb4 46. cxb4 Rc7 47. Rxc7 Bxc7 48. Kd3 Kf4 49. Kd4 Bd6 50. a5 bxa5 51. bxa5 Bc7 52. a6 Bb6+ 53. Kd5 Ba7 54. Kc6 Ke5 55. Kb7 Bd4 56. a7 Bxa7 57. Kxa7 Ke6 58. Kb6 Kd6 59. Kb5 Kc7 60. Kc5 Kd7 61. Kd5 Ke7 62. Bf5 Kf7 63. Kd6 1-0

[Event "Nova Gorica op 25th"]
[Site "Nova Gorica"]
[Date "2020.01.29"]
[Round "8"]
[White "Hestvik, Elias"]
[Black "Kobal, Sasa"]
[Result "1-0"]
[WhiteElo "1819"]
[BlackElo "2141"]
[PlyCount "81"]
[EventDate "2020.01.24"]
[EventType "swiss"]
[EventRounds "9"]
[EventCountry "SLO"]
[SourceTitle "CBM 194"]
[Source "ChessBase"]
[SourceDate "2020.01.27"]
[SourceVersion "1"]
[SourceVersionDate "2020.01.27"]
[SourceQuality "1"]

1. e4 Nc6 2. Nf3 g6 3. d4 Bg7 4. Bc4 d6 5. 0-0 e6 6. c3 Nge7 7. Re1 0-0 8. Nbd2 a6 9. d5 Na5 10. Qe2 Nxc4 11. Qxc4 e5 12. h3 f5 13. Nf1 f4 14. Kh2 h6 15. Qe2 Qd7 16. Kh1 Kh7 17. N3h2 Ng8 18. f3 Nf6 19. Bd2 Nh5 20. b4 Qe7 21. Rec1 Rf7 22. c4 g5 23. c5 Ng3+ 24. Nxg3 fxg3 25. Nf1 h5 26. Nxg3 g4 27. cxd6 cxd6 28. fxg4 hxg4 29. Rxc8 Rxc8 30. Nf5 Rxf5 31. exf5 gxh3 32. Qh5+ Kg8 33. gxh3 e4 34. Rg1 e3 35. f6 Qxf6 36. Bxe3 Kf8 37. Qe2 Qe5 38. Qf3+ Ke7 39. Qg4 Rg8 40. Bg5+ Bf6 41. Bxf6+ 1-0

[Event "Nova Gorica op 25th"]
[Site "Nova Gorica"]
[Date "2020.01.27"]
[Round "6"]
[White "Hestvik, Elias"]
[Black "Tadic, Stefan"]
[Result "0-1"]
[WhiteElo "1819"]
[BlackElo "2106"]
[PlyCount "54"]
[EventDate "2020.01.24"]
[EventType "swiss"]
[EventRounds "9"]
[EventCountry "SLO"]
[SourceTitle "CBM 194"]
[Source "ChessBase"]
[SourceDate "2020.01.27"]
[SourceVersion "1"]
[SourceVersionDate "2020.01.27"]
[SourceQuality "1"]

1. c4 c5 2. Nc3 Nc6 3. g3 g6 4. Bg2 Bg7 5. Nf3 d6 6. 0-0 Nf6 7. d4 cxd4 8. Nxd4 Bd7 9. Be3 Ng4 10. Nxc6 Nxe3 11. Nxd8 Nxd1 12. Nxd1 Rxd8 13. Bxb7 0-0 14. Bg2 Rb8 15. Rb1 Rfc8 16. b3 Rxc4 17. Ne3 Rc5 18. b4 Rcc8 19. a3 e6 20. Rfc1 d5 21. f4 Bd4 22. Kf2 a5 23. Rd1 Ba7 24. Kf3 Ba4 25. Rd2 Rc3 26. Rd3 Rc7 27. Ng4 Bc2 0-1

[Event "Nova Gorica op 25th"]
[Site "Nova Gorica"]
[Date "2020.01.26"]
[Round "5"]
[White "Eiding, Amanda Mai Irgens"]
[Black "Hestvik, Elias"]
[Result "0-1"]
[WhiteElo "1605"]
[BlackElo "1819"]
[PlyCount "104"]
[EventDate "2020.01.24"]
[EventType "swiss"]
[EventRounds "9"]
[EventCountry "SLO"]
[SourceTitle "CBM 194"]
[Source "ChessBase"]
[SourceDate "2020.01.27"]
[SourceVersion "1"]
[SourceVersionDate "2020.01.27"]
[SourceQuality "1"]

1. e4 c6 2. d4 d5 3. Nc3 dxe4 4. Nxe4 Bf5 5. Ng3 Bg6 6. Nf3 Nd7 7. Bd3 Qc7 8. 0-0 e6 9. c4 Ngf6 10. Re1 Bd6 11. b3 Bxd3 12. Qxd3 0-0 13. Bb2 a5 14. Nf1 Ra6 15. Ne3 a4 16. Qc2 Rfa8 17. Red1 axb3 18. axb3 Ba3 19. Bxa3 Rxa3 20. Qb2 Qa5 21. Rxa3 Qxa3 22. Qxa3 Rxa3 23. Rb1 Ne4 24. g3 Ra2 25. Nd1 Nd2 26. Nxd2 Rxd2 27. Ne3 Rxd4 28. b4 g6 29. b5 Ne5 30. bxc6 bxc6 31. Rb6 Nxc4 32. Rxc6 Nxe3 33. fxe3 Rd3 34. Kf2 Rd2+ 35. Kg1 Kg7 36. h4 Kf6 37. Kf1 h5 38. Rc7 e5 39. Rb7 Ke6 40. Ra7 e4 41. Rb7 f6 42. Rg7 Kf5 43. Rf7 Ra2 44. Rf8 Ra6 45. Rg8 g5 46. Re8 Kg4 47. Ke1 Kxg3 48. hxg5 fxg5 49. Rxe4 h4 50. Rd4 h3 51. e4 h2 52. Rd3+ Kh4 0-1

[Event "Nova Gorica op 25th"]
[Site "Nova Gorica"]
[Date "2020.01.26"]
[Round "4"]
[White "Hestvik, Elias"]
[Black "Sekulic, Dusan"]
[Result "0-1"]
[WhiteElo "1819"]
[BlackElo "2190"]
[PlyCount "112"]
[EventDate "2020.01.24"]
[EventType "swiss"]
[EventRounds "9"]
[EventCountry "SLO"]
[SourceTitle "CBM 194"]
[Source "ChessBase"]
[SourceDate "2020.01.27"]
[SourceVersion "1"]
[SourceVersionDate "2020.01.27"]
[SourceQuality "1"]

1. e4 e5 2. Nf3 Nc6 3. Nc3 Nf6 4. Bb5 Bc5 5. Nxe5 0-0 6. Nf3 Nd4 7. Bc4 Re8 8. 0-0 Nxe4 9. Nxe4 Rxe4 10. d3 Re8 11. Nxd4 Bxd4 12. Qh5 Qf6 13. Bg5 Qf5 14. c3 Bb6 15. Qf3 Qxf3 16. gxf3 d6 17. Rfe1 Be6 18. Bb3 d5 19. d4 c6 20. Bc2 Bc7 21. Bh4 f5 22. f4 Bxf4 23. Bg3 Bh6 24. Be5 f4 25. h4 Bg4 26. Kg2 g6 27. Bd1 Bf5 28. Be2 Re6 29. Rad1 Rae8 30. Bd3 Bxd3 31. Rxd3 Bg7 32. Kf3 Bxe5 33. Rxe5 Rxe5 34. dxe5 Rxe5 35. Rd4 Kf7 36. Rxf4+ Ke6 37. Rd4 Rf5+ 38. Kg3 c5 39. Rd2 b5 40. f4 Kd6 41. Kf3 a5 42. Re2 Rf7 43. Re8 Re7 44. Rd8+ Kc6 45. Rc8+ Rc7 46. Rd8 b4 47. Kg4 bxc3 48. bxc3 Kb5 49. Rxd5 Kc4 50. Re5 Kxc3 51. h5 Kb2 52. Re2+ Kb1 53. Kg5 gxh5 54. f5 c4 55. Re5 c3 56. Rb5+ Ka1 0-1

[Event "Bergen Sommer Super-NGP A"]
[Site "Bergen"]
[Date "2019.07.30"]
[Round "5"]
[White "Hestvik, Elias"]
[Black "Johannessen, Theo N"]
[Result "0-1"]
[WhiteElo "1793"]
[BlackElo "1504"]
[PlyCount "70"]
[EventDate "2019.07.29"]
[EventType "swiss"]
[EventRounds "9"]
[EventCountry "NOR"]
[SourceTitle "EXT 2024"]
[Source "ChessBase"]
[SourceDate "2023.10.10"]
[SourceVersion "1"]
[SourceVersionDate "2023.10.10"]
[SourceQuality "1"]

1. c4 Nf6 2. Nc3 d5 3. cxd5 Nxd5 4. e4 Nxc3 5. bxc3 g6 6. Nf3 Bg7 7. Bc4 0-0 8. 0-0 c5 9. h3 Nc6 10. Bd5 Qc7 11. d4 e6 12. Bb3 Rd8 13. Bb2 b5 14. Rc1 c4 15. Bc2 a5 16. Qe2 Ba6 17. e5 b4 18. Rfe1 Bh6 19. Rb1 Rdb8 20. Bc1 Bxc1 21. Rexc1 bxc3 22. Be4 Rxb1 23. Rxb1 Rb8 24. Rc1 Rb2 25. Rc2 Rb1+ 26. Kh2 Nxd4 27. Nxd4 Qxe5+ 28. g3 Qxd4 29. Rxc3 Qxc3 30. Bxb1 Qd4 31. h4 Bb7 32. Kh3 h5 33. Kh2 Qd5 34. Qf1 c3 35. a3 Qd2 0-1

[Event "Gibraltar Challengers op-A"]
[Site "Caleta"]
[Date "2019.01.24"]
[Round "4"]
[White "Bujakevich, Aleksandr"]
[Black "Hestvik, Elias"]
[Result "1-0"]
[WhiteElo "2054"]
[BlackElo "1740"]
[PlyCount "49"]
[EventDate "2019.01.21"]
[EventType "swiss"]
[EventRounds "5"]
[EventCountry "GGB"]
[SourceTitle "CBM 188 Extra"]
[Source "ChessBase"]
[SourceDate "2019.02.26"]
[SourceVersion "1"]
[SourceVersionDate "2019.02.26"]
[SourceQuality "1"]

1. e4 c6 2. d4 d5 3. Nc3 dxe4 4. Nxe4 Nf6 5. Nxf6+ exf6 6. Bc4 Bd6 7. Qe2+ Qe7 8. d5 Bg4 9. Qxe7+ Kxe7 10. Be3 Be5 11. Ne2 b5 12. Bd3 cxd5 13. Bxb5 Nd7 14. Nd4 Nb6 15. b3 Bd7 16. Bxd7 Kxd7 17. 0-0-0 Rhe8 18. a4 Bxd4 19. Rxd4 Kc6 20. Rhd1 Re4 21. R4d3 a5 22. Rc3+ Kb7 23. Bxb6 Kxb6 24. Rxd5 Re7 25. Rb5+ 1-0

[Event "Gibraltar Challengers op-A"]
[Site "Caleta"]
[Date "2019.01.23"]
[Round "3"]
[White "Hestvik, Elias"]
[Black "Burke, Mitchell R"]
[Result "1/2-1/2"]
[WhiteElo "1740"]
[BlackElo "1994"]
[PlyCount "163"]
[EventDate "2019.01.21"]
[EventType "swiss"]
[EventRounds "5"]
[EventCountry "GGB"]
[SourceTitle "CBM 188 Extra"]
[Source "ChessBase"]
[SourceDate "2019.02.26"]
[SourceVersion "1"]
[SourceVersionDate "2019.02.26"]
[SourceQuality "1"]

1. e4 c5 2. Nf3 d6 3. Bb5+ Bd7 4. Bxd7+ Qxd7 5. d4 cxd4 6. Nxd4 Nf6 7. f3 g6 8. c4 Nc6 9. Be3 Bg7 10. Nc3 0-0 11. 0-0 a6 12. Nd5 Nxd5 13. cxd5 Ne5 14. b3 Rac8 15. Qd2 b5 16. Rac1 Qb7 17. Rxc8 Rxc8 18. Rc1 Kf8 19. Rxc8+ Qxc8 20. Qc2 Qxc2 21. Nxc2 Ke8 22. Bd4 Bf6 23. Bxe5 Bxe5 24. Nb4 Bd4+ 25. Kf1 a5 26. Nc6 Bb6 27. Ke2 e6 28. Kd3 exd5 29. exd5 Kd7 30. a4 bxa4 31. bxa4 Kc7 32. Kc4 Bg1 33. h3 Kb6 34. Nd8 f5 35. Ne6 h6 36. g4 fxg4 37. fxg4 h5 38. Nf4 hxg4 39. hxg4 g5 40. Ne6 Be3 41. Kd3 Bc1 42. Ke4 Bd2 43. Kf5 Bc1 44. Kf6 Bd2 45. Ke7 Bf4 46. Kd7 Kb7 47. Nd4 Kb6 48. Ne6 Kb7 49. Ke7 Kb6 50. Kf7 Be3 51. Kg6 Bc1 52. Kf5 Be3 53. Ke4 Bc1 54. Kd4 Bb2+ 55. Kc4 Bc1 56. Nd8 Bd2 57. Nf7 Bf4 58. Nh6 Bc1 59. Nf5 Bf4 60. Nh6 Bc1 61. Nf7 Bf4 62. Kd4 Kc7 63. Nh6 Kb6 64. Nf5 Be5+ 65. Kc4 Bf4 66. Nd4 Be5 67. Ne6 Bf6 68. Nf8 Bb2 69. Ng6 Bc1 70. Ne7 Bf4 71. Nc8+ Kb7 72. Ne7 Kb6 73. Nf5 Be5 74. Ne3 Bf4 75. Nf5 Be5 76. Ne3 Bf4 77. Nd1 Be5 78. Nf2 Bf4 79. Ne4 Ka6 80. Nc3 Kb6 81. Nb5 Be5 82. Na3 1/2-1/2

[Event "Gibraltar Challengers op-A"]
[Site "Caleta"]
[Date "2019.01.22"]
[Round "2"]
[White "Sedgwick, David"]
[Black "Hestvik, Elias"]
[Result "1/2-1/2"]
[WhiteElo "2024"]
[BlackElo "1740"]
[PlyCount "99"]
[EventDate "2019.01.21"]
[EventType "swiss"]
[EventRounds "5"]
[EventCountry "GGB"]
[SourceTitle "CBM 188 Extra"]
[Source "ChessBase"]
[SourceDate "2019.02.26"]
[SourceVersion "1"]
[SourceVersionDate "2019.02.26"]
[SourceQuality "1"]

1. e4 e5 2. d4 exd4 3. Qxd4 Nc6 4. Qe3 Bb4+ 5. Bd2 Qe7 6. Nc3 Nf6 7. 0-0-0 0-0 8. Bd3 Re8 9. Nd5 Bxd2+ 10. Qxd2 Nxd5 11. exd5 Ne5 12. Nf3 d6 13. Nxe5 dxe5 14. Rhe1 Bg4 15. f3 Bh5 16. Qc3 a6 17. Kb1 Bg6 18. Bxg6 hxg6 19. f4 e4 20. Qe3 Rad8 21. h4 Qxh4 22. Rh1 Rxd5 23. Rc1 Qg4 24. Qb3 Rb5 25. Qc3 c6 26. a4 Rh5 27. Rhe1 Qxf4 28. Qb3 Qc7 29. Re2 b5 30. Rf1 Qd7 31. Ref2 Rd5 32. Rxf7 Qxf7 33. Rxf7 Kxf7 34. axb5 axb5 35. c4 bxc4 36. Qb7+ Re7 37. Qxc6 Rde5 38. Qxc4+ R5e6 39. Kc1 e3 40. Kd1 e2+ 41. Ke1 Re8 42. Qd5 Kg8 43. g4 g5 44. b4 Kh8 45. Qd7 R8e7 46. Qd8+ Re8 47. Qd7 R6e7 48. Qd5 Re5 49. Qd6 R5e6 50. Qd7 1/2-1/2

[Event "Oslo op"]
[Site "Oslo"]
[Date "2018.10.06"]
[Round "9"]
[White "Ragnarsson, Johann Hjortur"]
[Black "Hestvik, Elias"]
[Result "1-0"]
[WhiteElo "2007"]
[BlackElo "1715"]
[PlyCount "45"]
[EventDate "2018.09.30"]
[EventType "swiss"]
[EventRounds "10"]
[EventCountry "NOR"]
[SourceTitle "EXT 2020"]
[Source "ChessBase"]
[SourceDate "2019.10.17"]
[SourceVersion "1"]
[SourceVersionDate "2019.10.17"]
[SourceQuality "1"]

1. d4 Nf6 2. c4 e6 3. Nc3 d5 4. cxd5 Nxd5 5. e4 Nxc3 6. bxc3 c5 7. Nf3 cxd4 8. cxd4 Bb4+ 9. Bd2 Bxd2+ 10. Qxd2 0-0 11. Bc4 Nd7 12. 0-0 b6 13. Rad1 Nf6 14. e5 Nd5 15. Ng5 h6 16. Ne4 Bb7 17. f4 Rc8 18. Nd6 Rc7 19. f5 exf5 20. Rxf5 Bc8 21. Rxf7 Rxc4 22. Rxf8+ Kxf8 23. Nxc4 1-0

[Event "Oslo op"]
[Site "Oslo"]
[Date "2018.10.03"]
[Round "5"]
[White "Dahl, Max"]
[Black "Hestvik, Elias"]
[Result "1/2-1/2"]
[WhiteElo "1942"]
[BlackElo "1715"]
[PlyCount "88"]
[EventDate "2018.09.30"]
[EventType "swiss"]
[EventRounds "10"]
[EventCountry "NOR"]
[SourceTitle "EXT 2020"]
[Source "ChessBase"]
[SourceDate "2019.10.17"]
[SourceVersion "1"]
[SourceVersionDate "2019.10.17"]
[SourceQuality "1"]

1. e4 c6 2. d4 d5 3. Nc3 dxe4 4. Nxe4 Nd7 5. Nf3 Ngf6 6. Nxf6+ Nxf6 7. Bd3 Bg4 8. c3 e6 9. h3 Bh5 10. Bg5 Be7 11. Be2 Nd5 12. Bxe7 Qxe7 13. Ne5 Bxe2 14. Qxe2 0-0 15. 0-0 Nf4 16. Qe4 Qg5 17. Kh2 Ng6 18. Nd3 Rfe8 19. f4 Qd5 20. Qe3 Nh4 21. Qg3 Nf5 22. Qf3 Rad8 23. a3 Nh4 24. Qf2 Nf5 25. Rae1 Qb5 26. Qc2 b6 27. g4 Ne7 28. a4 Qd5 29. Re5 Qd6 30. Re3 Nd5 31. Ref3 Ne7 32. Qe2 Ng6 33. Ne5 c5 34. Nxg6 hxg6 35. dxc5 Qxc5 36. Qf2 Qc4 37. Qc2 Rd5 38. b3 Qc7 39. Rd1 Rxd1 40. Qxd1 Rd8 41. Qe2 g5 42. Qe3 gxf4 43. Qxf4 e5 44. Qe4 Qd6 1/2-1/2

[Event "NOR-ch Class2"]
[Site "Sarpsborg"]
[Date "2018.07.13"]
[Round "8"]
[White "Hestvik, Elias"]
[Black "Kielland Lund, Jon"]
[Result "1/2-1/2"]
[WhiteElo "1661"]
[BlackElo "1685"]
[PlyCount "54"]
[EventDate "2018.07.07"]
[EventType "swiss"]
[EventRounds "9"]
[EventCountry "NOR"]
[SourceTitle "EXT 2024"]
[Source "ChessBase"]
[SourceDate "2023.10.10"]
[SourceVersion "1"]
[SourceVersionDate "2023.10.10"]
[SourceQuality "1"]

1. e4 c6 2. d4 d5 3. Nc3 dxe4 4. Nxe4 Bf5 5. Ng3 Bg6 6. Nf3 Nd7 7. Bd3 e6 8. c3 Qc7 9. Bg5 Ngf6 10. 0-0 Bd6 11. Re1 0-0 12. Bxg6 hxg6 13. Bxf6 gxf6 14. Ne4 Bf4 15. g3 Bh6 16. h4 Kg7 17. Kg2 f5 18. Neg5 Rae8 19. Qe2 Kg8 20. Qf1 e5 21. dxe5 Nxe5 22. Nxe5 Rxe5 23. Rxe5 Qxe5 24. Nf3 Qf6 25. Re1 Rd8 26. Qe2 Kf8 27. Qc4 Qd6 1/2-1/2

[Event "Oslo Sveins op 11th"]
[Site "Oslo"]
[Date "2018.06.25"]
[Round "7"]
[White "Narvoy, Tore"]
[Black "Hestvik, Elias"]
[Result "0-1"]
[WhiteElo "1610"]
[BlackElo "1677"]
[PlyCount "34"]
[EventDate "2018.06.22"]
[EventType "swiss"]
[EventRounds "9"]
[EventCountry "NOR"]
[SourceTitle "CBM 185 Extra"]
[Source "ChessBase"]
[SourceDate "2018.07.29"]
[SourceVersion "1"]
[SourceVersionDate "2018.07.29"]
[SourceQuality "1"]

1. d4 d5 2. c4 c6 3. e3 Nf6 4. Nc3 e6 5. Nf3 Bd6 6. Bd3 Nbd7 7. c5 Bc7 8. b4 e5 9. Nxe5 Nxe5 10. dxe5 Bxe5 11. Bb2 0-0 12. 0-0 Re8 13. g3 Bg4 14. Qc2 Bf3 15. Rfe1 Qd7 16. Bf1 Qg4 17. Ne2 Be4 0-1

[Event "Oslo Sveins op 11th"]
[Site "Oslo"]
[Date "2018.06.23"]
[Round "2"]
[White "Sidali, Elias Hulleberg"]
[Black "Hestvik, Elias"]
[Result "0-1"]
[WhiteElo "2011"]
[BlackElo "1677"]
[PlyCount "104"]
[EventDate "2018.06.22"]
[EventType "swiss"]
[EventRounds "9"]
[EventCountry "NOR"]
[SourceTitle "CBM 185 Extra"]
[Source "ChessBase"]
[SourceDate "2018.07.29"]
[SourceVersion "1"]
[SourceVersionDate "2018.07.29"]
[SourceQuality "1"]

1. d4 d5 2. c4 c6 3. cxd5 cxd5 4. Nc3 Nf6 5. Bf4 Nc6 6. e3 e6 7. Bd3 Bd6 8. Bxd6 Qxd6 9. f4 a6 10. Nf3 Nd7 11. Ne5 g6 12. 0-0 f6 13. Ng4 f5 14. Ne5 Nf6 15. g4 Nxg4 16. Nxg4 fxg4 17. Qxg4 Ne7 18. h4 Bd7 19. Rf2 0-0-0 20. Qd1 Nf5 21. Qc1 Kb8 22. Rh2 h6 23. Qe1 g5 24. hxg5 hxg5 25. Rxh8 Rxh8 26. Bxf5 exf5 27. Qf2 Qh6 28. Qg2 gxf4 29. exf4 Qxf4 30. Rf1 Qxd4+ 31. Qf2 Rg8+ 32. Kh1 Qh8+ 33. Qh2+ Qxh2+ 34. Kxh2 d4 35. Ne2 Bb5 36. Rf2 Bxe2 37. Rxe2 Kc7 38. Rf2 Rg5 39. Rf4 Rg4 40. Rxf5 Re4 41. Kg3 Re2 42. Rd5 Rxb2 43. a4 Rb4 44. a5 Kc6 45. Rd8 Kb5 46. Rd5+ Ka4 47. Kf4 Rb5 48. Rxd4+ Rb4 49. Ke5 Rxd4 50. Kxd4 Kxa5 51. Kc4 Ka4 52. Kc5 b5 0-1